| 000 | 00337nam a22001217a 4500 | ||
|---|---|---|---|
| 999 |
_c130 _d130 |
||
| 005 | 20200810104713.0 | ||
| 008 | 200810b ||||| |||| 00| 0 eng d | ||
| 020 | _a0719539145 | ||
| 040 | _cCML | ||
| 245 |
_aApproaches to Islam. _cTames R. |
||
| 260 |
_aLondon _bJohn Murray _c1982 |
||
| 942 |
_2ddc _cBK _e1st Edition _h297 _mTAM |
||